LEADER 00838nam2 22002533i 450 001 TSA0012152 005 20251003044415.0 100 $a20121029d1992 ||||0itac50 ba 101 | $aeng 102 $aie 181 1$6z01$ai $bxxxe 182 1$6z01$an 200 1 $aUsers guide 210 $aScotts Valley$cBorland International$dc1992 215 $aVIII, 176 p.$d23 cm. 461 1$1001TSA0012150$12001 $aTurbo Pascal$eversion 7.0 676 $a005$9PROGRAMMAZIONE, PROGRAMMI, DATI DEGLI ELABORATORI$v14 801 3$aIT$bIT-000000$c20121029 850 $aIT-BN0095 912 $aTSA0012152 950 2$aBiblioteca Centralizzata di Ateneo$d 01SALA 005 USE$e 0104 9000006145 VMA $fA $h20121029$i20121029 977 $a 01 996 $aUsers guide$91575327 997 $aUNISANNIO